000 01534nam a2200361 c 4500
003 BLK
005 20180422114642.0
008 180411b bul|||||r ||||||| ||bul||
010 _aKNG00182876000
020 _a978-954-8955-32-4
_bиздат.: Д-во на дейците на културата - Разград
040 _aBLK
041 _aBUL
_cBUL
072 7 _2bullib
_aН8400
_xБългарска поезия Н
072 7 _2bullib
_aЯ
_xАвтографи
080 _aБългарска литература
_b821.163.2
_x-1
_z821.163.2-1
100 1 _aДойнов, Иван
_eпърви автор
_gИванов, Иван Дойнов
_9367617
700 1 _aИванов, Иван Дойнов
_e*
_9330513
139 _aДойнов, Иван
_bД 71
245 1 0 _aЗимна светкавица
_bЧетиристишия
_cИван Дойнов; * Иван Дойнов Иванов.
257 _aBGR
260 Разград
_bРазградско д-во към Сдружение на бълг. писатели
_bД-во на дейците на културата - Разград
_c2015
300 _a124 с.
_c20 см
380 _aX
500 _aПълното име на авт. е Иван Дойнов Иванов.
653 _aстихотворения
659 _aН
659 _aЯ
852 _aЦб 277144
856 4 _qpdf
_u
856 4 _qpdf
_u
942 _cKNG
_n0
944 _aCR
_c29.09.2015
_lф /
_kВиолета_Тройчева
944 _aED
_c28.04.2017
_lф /
_kВиолета_Тройчева
999 _c174400
_d174400